| 000 | 01349nam a2200301 i 4500 | ||
|---|---|---|---|
| 003 | EG-ScBUE | ||
| 005 | 20231220122903.0 | ||
| 008 | 110726s1981 ua af b 000 0 ara d | ||
| 017 | _a2001 / 11863 | ||
| 020 | _a9770173681 | ||
| 040 |
_aEG-ScBUE _bara _erda _cEG-ScBUE _dEG-ScBUE |
||
| 043 | _af-ua--- | ||
| 082 | 0 | 4 |
_222 _a962.03 _bم ل ك |
| 100 | 1 |
_926430 _aعبد الملك، أنور، _eمؤلف. |
|
| 240 | 1 | 0 |
_aL'Égypte moderne. _lArabic |
| 245 | 1 | 0 |
_aنهضة مصر 1805-1892 / _cأنور عبد الملك. |
| 264 | 1 |
_aالقاهرة : _bالهيئة المصرية العامة للكتاب، _c1981. |
|
| 300 |
_a599 صفحة ؛ _c22 سم |
||
| 336 |
_2rdacontent _aنص _btxt |
||
| 337 |
_aبدون وسيط _2rdamedia _bn |
||
| 338 |
_aمجلد _bnc _2rdacarrier |
||
| 500 | _aهذا الكتاب يمثل الطبعة العربية المنقحة المجددة لرسالة الرئيسية لدكتوراه الدولة في الآداب من جامعة السوربون-باريس، | ||
| 504 | _aيشتمل على إرجاعات ببليوجرافية. | ||
| 546 | _aالنص باللغة العربية وتم ترجمته من اللغة الفرنسية. | ||
| 651 | 7 |
_98006 _aمصر _xتاريخ _yالعصر الحديث _yالخديوي توفيق، 1879-1892. _2BUEsh |
|
| 655 | _vReading book | ||
| 942 |
_2ddc _cBB |
||
| 999 |
_c15738 _d15738 |
||